zpět

Detail výsledku týmu

Between bar, Liberec

Datum a čas kvízu

21.5 Celkem bodů Celkový počet nahraných bodů na tomto kvízu bez doplňovacích otázek.
3. Pořadí na kvízu Konečné umístění týmu na tomto kvízu.

Zaznamenané odpovědi

# Otázka Odpověď Body Výsledky
1. Město Znojmo sklidilo na velet... 1
2. Mimořádně výhodná akce na jede... 1
3. Nominacím na Oscary vévodí fil... 0
4. Americká firma Nike představil... 0
5. Ligový lídr v přípravě opět in... 0
6. Rok 1989 si přirozeně spojujem... 0
7. Je samozřejmé, že události v z... 0
8. V tomto roce skončil i komunis... 0
9. Nejen politikou živ je člověk.... 1
10. Lidé narození roku 1989 patří... 1